| 000 | 01116cab a22002175a 4500 | ||
|---|---|---|---|
| 001 | L158674 | ||
| 008 | 100520s2015 xxkd f s 000 0 eng d | ||
| 035 | _a(Sirsi) u158674 | ||
| 041 | 0 | _aeng | |
| 110 | 2 |
_aKnight Frank _91530 |
|
| 245 | 0 | 0 |
_aResidential Development Land Index _bDevelopment land prices dip in Q1 _h[electronic resource] |
| 260 | _c2015 | ||
| 490 | 0 |
_aKnight Frank Residential Development Land Index _v1Q 2015 |
|
| 520 | _aExamines the latest market trends. Average greenfield residential development land prices fell by 1.8% in Q1, taking the annual change to -0.5%. Land values in price central London remained unchanged in Q1, the first time they have not risen since the index began in 2012. On an annual basis, prime central London development land prices up 18.5% in Q1. | ||
| 590 | _aKA NTK | ||
| 650 | 2 | 4 | _aKNIGHT FRANK RESIDENTIAL LAND INDEX |
| 651 | 4 |
_aUnited Kingdom _y |
|
| 690 |
_aResidential property _96266 |
||
| 856 | 4 | 0 |
_uhttps://content.knightfrank.com/research/161/documents/en/q1-2015-2860.pdf _zView the news release free of charge at www.knightfrank.co.uk... |
| 942 | _n0 | ||
| 999 |
_c115448 _d115448 |
||